[Event "Rheinhausen-ch 13th"]
[Site "Duisburg Rheinhausen"]
[Date "2009.03.13"]
[Round "6"]
[White "Granzen, Julian"]
[Black "Imbierowicz, Dirk"]
[Result "1-0"]
[WhiteElo "936"]
[BlackElo "1441"]
[PlyCount "143"]
[EventDate "2009.01.09"]
[EventType "swiss"]
[EventRounds "7"]
[EventCountry "GER"]
[SourceTitle "EXT 2018"]
[Source "ChessBase"]
[SourceDate "2017.10.13"]
[SourceVersion "1"]
[SourceVersionDate "2017.10.13"]
[SourceQuality "1"]

1. d4 e6 2. c4 Nf6 3. g3 d5 4. Bg2 c6 5. b3 Bb4+ 6. Bd2 Qa5 7. Bxb4 Qxb4+ 8. Qd2 Na6 9. cxd5 exd5 10. Nf3 Ne4 11. Qxb4 Nxb4 12. Na3 f6 13. 0-0 Bf5 14. Nh4 Be6 15. Bxe4 dxe4 16. e3 g5 17. Ng2 a6 18. Nc4 Ke7 19. a3 Nd5 20. Nd2 f5 21. Nc4 h5 22. h4 gxh4 23. Nxh4 Rag8 24. Ne5 Rh6 25. Kh2 Nf6 26. f3 exf3 27. Rxf3 Ng4+ 28. Kg2 Nxe5 29. dxe5 Rf8 30. Kf2 Bd7 31. Rd1 Be6 32. Rd6 Rf7 33. Nxf5+ Rxf5 34. Rxf5 h4 35. gxh4 Rxh4 36. Rg5 Rh7 37. Rg6 Rf7+ 38. Ke1 Bxb3 39. Rdf6 Bc4 40. Rxf7+ Kxf7 41. Rf6+ Ke7 42. Rd6 Bd5 43. Kd2 b5 44. Kd3 a5 45. Kd4 b4 46. axb4 axb4 47. Kd3 b3 48. Kc3 Kf7 49. Kb2 Ke7 50. e4 Be6 51. Rxc6 Kd7 52. Rd6+ Ke7 53. Rb6 Bc4 54. Rb4 Be6 55. Rb7+ Kd8 56. Rb6 Ke7 57. Rd6 Kf7 58. Rd5 Ke7 59. Kxb3 Kf7 60. Kb4 Ke7 61. Kc5 Bg4 62. Kc6 Ke6 63. Kc5 Bf3 64. Kd4 Bg4 65. Rd6+ Ke7 66. Kd5 Bf3 67. e6 Bxe4+ 68. Ke5 Bc2 69. Rd7+ Kf8 70. Kf6 Ba4 71. Rb7 Ke8 72. Rg7 1-0

[Event "Rheinhausen-ch 13th"]
[Site "Duisburg Rheinhausen"]
[Date "2009.01.30"]
[Round "3"]
[White "Doehring, Joachim"]
[Black "Granzen, Julian"]
[Result "0-1"]
[WhiteElo "1262"]
[BlackElo "936"]
[PlyCount "82"]
[EventDate "2009.01.09"]
[EventType "swiss"]
[EventRounds "7"]
[EventCountry "GER"]
[SourceTitle "EXT 2018"]
[Source "ChessBase"]
[SourceDate "2017.10.13"]
[SourceVersion "1"]
[SourceVersionDate "2017.10.13"]
[SourceQuality "1"]

1. d4 c5 2. Nf3 cxd4 3. Nxd4 Nc6 4. e3 g6 5. c3 Bg7 6. b4 a6 7. Bc4 Nf6 8. 0-0 0-0 9. Nd2 d5 10. Bb3 e6 11. N2f3 Ne4 12. Nxc6 bxc6 13. Bd2 Nxc3 14. Rc1 Nxd1 15. Rfxd1 Bd7 16. Re1 f5 17. Nd4 Bxd4 18. exd4 h5 19. Rc3 Qb6 20. Bh6 Rfe8 21. Rg3 Kh7 22. Be3 Qxb4 23. Rd1 Rf8 24. f4 Kh6 25. Rf1 a5 26. Rh3 a4 27. Bd1 Qb1 28. g4 fxg4 29. Bxg4 Qxa2 30. Rf2 Qb1+ 31. Rf1 Qe4 32. Bf3 Qxe3+ 33. Kh1 Rxf4 34. Kg2 Qxd4 35. Kh1 a3 36. Rg3 a2 37. Rgg1 Be8 38. Re1 a1Q 39. Rxa1 Rxa1 40. Kg2 Rxg1+ 41. Kh3 Rh4# 0-1

[Event "Rheinhausen-ch 13th"]
[Site "Duisburg Rheinhausen"]
[Date "2009.01.09"]
[Round "1"]
[White "Reisloh, Carsten"]
[Black "Granzen, Julian"]
[Result "1-0"]
[WhiteElo "1686"]
[BlackElo "936"]
[PlyCount "40"]
[EventDate "2009.01.09"]
[EventType "swiss"]
[EventRounds "7"]
[EventCountry "GER"]
[SourceTitle "EXT 2018"]
[Source "ChessBase"]
[SourceDate "2017.10.13"]
[SourceVersion "1"]
[SourceVersionDate "2017.10.13"]
[SourceQuality "1"]

1. d4 c5 2. e3 d5 3. Nf3 Nc6 4. Be2 g6 5. 0-0 Bg7 6. dxc5 Qa5 7. c4 Qxc5 8. Na3 Nf6 9. cxd5 Nxd5 10. Qb3 e6 11. Bd2 b6 12. Rac1 Qd6 13. Rxc6 Qxc6 14. Bb5 Qxb5 15. Qxb5+ Bd7 16. Qb3 0-0 17. Rc1 a5 18. Nd4 Rac8 19. Rxc8 Rxc8 20. g3 e5 1-0